000
00279nam a22001337a 4500
008
181221b xxu||||| |||| 00| 0 eng d
020
_a
92125
041
_a
eng
080
_a
321
100
_a
19
101
_a
SHP
245
_a
Political Parties
_c
Michels, R
942
_2
udc
_c
BK
999
_c
53646
_d
53646